Water resources and reservoir engineering : (Record no. 159624)
[ view plain ]
| 000 -LEADER | |
|---|---|
| fixed length control field | 01080cam a2200277 a 4500 |
| 008 - FIXED-LENGTH DATA ELEMENTS--GENERAL INFORMATION | |
| fixed length control field | |
| 020 ## - INTERNATIONAL STANDARD BOOK NUMBER | |
| International Standard Book Number | 0727716921 (hbk.) |
| 049 ## - LOCAL HOLDINGS (OCLC) | |
| Holding library | MAIN |
| 090 ## - LOCALLY ASSIGNED LC-TYPE CALL NUMBER (OCLC); LOCAL CALL NUMBER (RLIN) | |
| Classification number (OCLC) (R) ; Classification number, CALL (RLIN) (NR) | TC401 |
| Local cutter number (OCLC) ; Book number/undivided call number, CALL (RLIN) | WAT |
| 003 - CONTROL NUMBER IDENTIFIER | |
| control field | |
| 005 - DATE AND TIME OF LATEST TRANSACTION | |
| control field | 20230123134057.0 |
| 040 ## - CATALOGING SOURCE | |
| Transcribing agency | NUST |
| 110 2# - MAIN ENTRY--CORPORATE NAME | |
| Corporate name or jurisdiction name as entry element | British Dam Society. |
| Subordinate unit | Conference |
| Number of part/section/meeting | (7th : |
| Location of meeting | University of Stirling : |
| Date of meeting or treaty signing | 1992 |
| 245 00 - TITLE STATEMENT | |
| Title | Water resources and reservoir engineering : |
| Remainder of title | proceedings of the Seventh Conference of the British Dam Society held at the University of Stirling, 24-27 June 1992 / |
| Statement of responsibility, etc. | edited by Noel M. Parr, J. Andrew Charles, and Susan Walker. |
| 260 ## - PUBLICATION, DISTRIBUTION, ETC. | |
| Place of publication, distribution, etc. | London : |
| Name of publisher, distributor, etc. | T. Telford, |
| Date of publication, distribution, etc. | 1992. |
| 300 ## - PHYSICAL DESCRIPTION | |
| Extent | 424 p. : |
| Other physical details | ill., maps ; |
| Dimensions | 24 cm. |
| 500 ## - GENERAL NOTE | |
| General note | Cover title: Water resources & reservoir engineering. |
| 504 ## - BIBLIOGRAPHY, ETC. NOTE | |
| Bibliography, etc. note | Includes bibliographical references. |
| 650 #0 - SUBJECT ADDED ENTRY--TOPICAL TERM | |
| Topical term or geographic name entry element | Reservoirs |
| General subdivision | Congresses. |
| 700 1# - ADDED ENTRY--PERSONAL NAME | |
| Personal name | Parr, Noel M. |
| 700 1# - ADDED ENTRY--PERSONAL NAME | |
| Personal name | Charles, J. Andrew. |
| 700 1# - ADDED ENTRY--PERSONAL NAME | |
| Personal name | Walker, Susan. |
| 740 0# - ADDED ENTRY--UNCONTROLLED RELATED/ANALYTICAL TITLE | |
| Uncontrolled related/analytical title | Water resources & reservoir engineering. |
| 907 ## - LOCAL DATA ELEMENT G, LDG (RLIN) | |
| a | .b10173055 |
| b | 04-10-12 |
| c | 22-08-05 |
| 942 ## - ADDED ENTRY ELEMENTS (KOHA) | |
| Koha item type | Ordinary Loan Books |
| Call number prefix | TC401 |
| Call number suffix | WAT |
| Date last seen | Total Checkouts | Full call number | Barcode | Cost, replacement price | Price effective from | Koha item type | Lost status | Source of classification or shelving scheme | Damaged status | Not for loan | Collection | Withdrawn status | Home library | Current library | Shelving location | Date acquired | Cost, normal purchase price |
|---|---|---|---|---|---|---|---|---|---|---|---|---|---|---|---|---|---|
| 01/23/2023 | 3 | TC401 WAT | 92003017874 | 80.00 | 01/23/2023 | BOOKS | LCC | NFIC | MAIN | MAIN | GEN | 01/23/2023 | 80.00 |